000 01281nam a2200241Ii 4500
003 JO-AjNU
005 20240625135335.0
008 230605s9999||||xx |||||||||||||| ||und||
040 _aJO-AjNU
_bara
_erda
_cJO-AjNU
041 _aara
050 1 4 _aHG1607 2021
100 1 _aالطرزي، علي محمود محمد
_eمعد
_965674
245 0 0 _aدور دائرة حماية المستهلك المالي لدى البنك المركزي في تحسين جودة خدمات المصارف الاسلامية الاردنية=The Role of Financial Consumer Protection Department at Central Bank in Enhancing the Services Quality in Jordanian Islamic Banks /
_cاعداد علي محمود محمد الطرزي؛ اشراف فخري خليل ابو صفية
264 3 1 _a2021
300 _a119 ورقة
336 _atext
_btxt
_2rdacontent
337 _aunmediated
_bn
_2rdamedia
338 _avolume
_bnc
_2rdacarrier
500 _aرسالة جامعية ( اطروحة ماجستير) جامعة عجلون الوطنية: كلية ادارة الاعمال ، المصارف الاسلامية،2021
650 4 _aالخدمات المصرفية-حماية المستهلك
_961283
700 1 _aابو صفية، فخري خليل
_eمشرف
_965514
942 _2lcc
_cTHS
999 _c31260
_d31260